| 000 | 01285nam a2200349 i 4500 | ||
|---|---|---|---|
| 001 | 8168546 | ||
| 003 | EG-ScBUE | ||
| 005 | 20240521123250.0 | ||
| 008 | 030212t2014 flua f b 001 0 eng d | ||
| 020 | _a9781444184990 | ||
| 035 | _a(OCoLC)ocn689811651 | ||
| 035 | _a8168546 | ||
| 040 |
_aNLM _beng _erda _cNLM _dUKM _dBAKER _dNLGGC _dBTCTA _dBWKUK _dYDXCP _dCtY-M |
||
| 082 | 0 | 4 |
_a616.07 _222 _bMUI |
| 245 | 0 | 0 |
_aMuir's textbook of pathology / _cedited by C. Simon Herrington, professor of pathology, University of Dundee and Consultant Pathologist, Ninewells Hospital and Medical School, Dundee, UK. |
| 246 | 3 | 0 | _aTextbook of pathology |
| 250 | _aFifteenth edition. | ||
| 250 | _aInternational student edition. | ||
| 264 | 1 |
_aBoca Raton, FL : _bCRC Press, _c[2014] |
|
| 264 | 4 | _cc2014 | |
| 300 |
_aviii, 592 pages : _billustrations (some color) ; _c28 cm. |
||
| 336 |
_2rdacontent _atext _btxt |
||
| 337 |
_2rdamedia _aunmediated _bn |
||
| 338 |
_2rdacarrier _avolume _bnc |
||
| 504 | _aIncludes bibliographical references and index. | ||
| 650 | 7 |
_aPathology. _2BUEsh |
|
| 653 |
_cMay2024 _bPT |
||
| 655 | _vReading book | ||
| 700 | 1 |
_aLevison, David A. _q(David Annan), _d1944- _eeditor. |
|
| 700 | 1 | 2 |
_aMuir, Robert, _cSir, _d1864-1959. _tTextbook of pathology. |
| 942 |
_2ddc _cBB |
||
| 999 |
_c30746 _d30717 |
||